<?xml version="1.0" encoding="UTF-8"?>
<marc:record xmlns:marc="http://www.loc.gov/MARC21/slim">
   <marc:leader>00000nam a2200000 a 4500</marc:leader>
   <marc:datafield ind1="1" ind2=" " tag="100">
      <marc:subfield code="a">Bernardus &lt;Claraevallensis&gt;</marc:subfield>
      <marc:subfield code="4">aut</marc:subfield>
      <marc:subfield code="e">Verfasser/-in</marc:subfield>
   </marc:datafield>
   <marc:datafield ind1=" " ind2=" " tag="653">
      <marc:subfield code="a">f||Quelle</marc:subfield>
   </marc:datafield>
   <marc:datafield ind1=" " ind2=" " tag="653">
      <marc:subfield code="a">z||Geschichte 1494</marc:subfield>
   </marc:datafield>
   <marc:datafield ind1=" " ind2=" " tag="653">
      <marc:subfield code="a">p||Bernhard &lt;von Clairvaux&gt;</marc:subfield>
   </marc:datafield>
   <marc:datafield ind1=" " ind2=" " tag="653">
      <marc:subfield code="a">f||Briefsammlung</marc:subfield>
   </marc:datafield>
   <marc:datafield ind1="0" ind2="0" tag="245">
      <marc:subfield code="a">Opus preclarissimum Ep[isto]larum deuotissimi beatissimiq[ue] Bernardi primi Clareuall[e]n[sis]. abbatis. q[uam] emendate castigatum Feliciter incipit</marc:subfield>
   </marc:datafield>
   <marc:datafield ind1=" " ind2="1" tag="264">
      <marc:subfield code="a">Basilee</marc:subfield>
      <marc:subfield code="b">Kessler, Nikolaus</marc:subfield>
      <marc:subfield code="c">1494</marc:subfield>
   </marc:datafield>
   <marc:datafield ind1="1" ind2=" " tag="520">
      <marc:subfield code="a">Kolophon: Exaratu[m] Basilee. Anno d[omi]ni Nonage- || simoquarto sup[er] Millesimu[m] quaterq[ue] || ce[n]tesimu[m]. Die v[er]o p[ri]ma mens[is] Decemb[ris].</marc:subfield>
   </marc:datafield>
   <marc:datafield ind1=" " ind2=" " tag="500">
      <marc:subfield code="a">Bibliogr. Nachweis: ISTC ib00386000</marc:subfield>
   </marc:datafield>
   <marc:datafield ind1=" " ind2=" " tag="300">
      <marc:subfield code="a">C, [4] Bl. = [104] Bl.; 31,2 x 22,6 cm</marc:subfield>
   </marc:datafield>
</marc:record>
